000 01025nam0a22002411i 4500
001 rc\618250
005 20240726095334.0
035 _a(NLR Aleph) 005861341
090 _a5881941
_c5881941
100 _a20031121d1986 u |0rusy50 ca
101 0 _arus
102 _aRU
105 _ay |||||||||
200 1 _aСтроение и особенности формирования многозалежных месторождений нефти и газа
_e(На прим. месторождений Сев.-Зап. части тур. плиты)
_eАвтореф. дис. на соиск. учен. степ. к. г.-м. н.
_fВсесоюз. н.-и. геол.-развед. нефт. ин-т (ВНИГНИ)
210 _aМ.
_d1986
215 _a24 с.
320 _aСписок работ авт.: с. 23-24
333 _aДСП. Экз. № 7
700 1 _aБородяев
_bБ.Г.
_gБорис Гаврилович
801 0 _aRU
_bNLR
_gpsbo
801 1 _aRU
_bELAR
_2rusmarc
852 _aNLR
_j87-50К/11882
942 _cBOOK